<?xml version="1.0" encoding="UTF-8"?><?xml-stylesheet type="text/xsl" href="static/style.xsl"?><OAI-PMH xmlns="http://www.openarchives.org/OAI/2.0/" xmlns:xsi="http://www.w3.org/2001/XMLSchema-instance" xsi:schemaLocation="http://www.openarchives.org/OAI/2.0/ http://www.openarchives.org/OAI/2.0/OAI-PMH.xsd"><responseDate>2026-04-19T02:34:20Z</responseDate><request verb="GetRecord" identifier="oai:riubu.ubu.es:10259/8457" metadataPrefix="marc">https://riubu.ubu.es/oai/request</request><GetRecord><record><header><identifier>oai:riubu.ubu.es:10259/8457</identifier><datestamp>2024-01-25T01:05:23Z</datestamp><setSpec>com_10259_7570</setSpec><setSpec>com_10259_3989</setSpec><setSpec>com_10259.4_106</setSpec><setSpec>com_10259_2604</setSpec><setSpec>col_10259_7571</setSpec></header><metadata><record xmlns="http://www.loc.gov/MARC21/slim" xmlns:doc="http://www.lyncode.com/xoai" xmlns:xsi="http://www.w3.org/2001/XMLSchema-instance" xmlns:dcterms="http://purl.org/dc/terms/" xsi:schemaLocation="http://www.loc.gov/MARC21/slim http://www.loc.gov/standards/marcxml/schema/MARC21slim.xsd">
<leader>00925njm 22002777a 4500</leader>
<datafield tag="042" ind1=" " ind2=" ">
<subfield code="a">dc</subfield>
</datafield>
<datafield tag="720" ind1=" " ind2=" ">
<subfield code="a">Muelas Lobato, Roberto</subfield>
<subfield code="e">author</subfield>
</datafield>
<datafield tag="720" ind1=" " ind2=" ">
<subfield code="a">Sainz, Mario</subfield>
<subfield code="e">author</subfield>
</datafield>
<datafield tag="260" ind1=" " ind2=" ">
<subfield code="c">2019-07</subfield>
</datafield>
<datafield tag="520" ind1=" " ind2=" ">
<subfield code="a">Identity fusion, a visceral union between personal and group identity is considered to be triggered and&#xd;
maintained by collective rituals with certain characteristics (e.g., opaque causal actions, synchrony, high&#xd;
excitement) and by recalling such rituals. The purpose of the present research was to determine the factors&#xd;
that maintain identity fusion after taking part in the pilgrimage of the Way of Saint James. We conducted a&#xd;
study with pilgrims (N = 609) to analyze the factors associated with the characteristics of rituals (Wave 1;&#xd;
finishing point of the pilgrimage) and the sharing of episodic memories (Wave 2; three months later) that&#xd;
contribute to maintaining identity fusion. Results indicated that engaging in ritual practices and recalling&#xd;
episodic memories of the pilgrimage through contact with other pilgrims contribute to maintaining identity&#xd;
fusion. The importance of contact after taking part in the ritual is discussed.</subfield>
</datafield>
<datafield tag="024" ind2=" " ind1="8">
<subfield code="a">1368-4302</subfield>
</datafield>
<datafield tag="024" ind2=" " ind1="8">
<subfield code="a">http://hdl.handle.net/10259/8457</subfield>
</datafield>
<datafield tag="024" ind2=" " ind1="8">
<subfield code="a">10.1177/1368430219849690</subfield>
</datafield>
<datafield tag="024" ind2=" " ind1="8">
<subfield code="a">1461-7188</subfield>
</datafield>
<datafield ind1=" " ind2=" " tag="653">
<subfield code="a">Identity fusion</subfield>
</datafield>
<datafield ind1=" " ind2=" " tag="653">
<subfield code="a">Maintainers</subfield>
</datafield>
<datafield ind1=" " ind2=" " tag="653">
<subfield code="a">Pilgrimages</subfield>
</datafield>
<datafield ind1=" " ind2=" " tag="653">
<subfield code="a">Rituals</subfield>
</datafield>
<datafield ind1=" " ind2=" " tag="653">
<subfield code="a">Way of St James</subfield>
</datafield>
<datafield tag="245" ind1="0" ind2="0">
<subfield code="a">On the way to fusion through the pilgrims’ route: Factors that maintain identity fusion in collective rituals</subfield>
</datafield>
</record></metadata></record></GetRecord></OAI-PMH>